Missing Someone? Quiz Stats

 Plays Quiz Updated Jun 7, 2016

Also try: Who's Missing?
Challenge
Share
Tweet
Embed
Score 0/30 Timer 05:00
2 Plays Today
% Correct
Scarecrow
96.6%
Donatello
96.5%
Bashful
95.4%
Pop
95.3%
Maggie
95.1%
Ringo
95.1%
Ross
94.8%
Louie
94.1%
Posh
92.8%
Buttercup
92.1%
Theodore
91.9%
Pebbles
91.9%
Ron
91%
Fred
91%
White
90.6%
% Correct
Curly
87.8%
Miranda
85.7%
Chico
85.5%
Aramis
85%
Balthazar
84.9%
Nash
84.6%
Cindy
82.8%
Pugsley
81.6%
Skipper
80.9%
Elaine
79.9%
Carreras
79.6%
Palmer
78.5%
Sophia
77.8%
Bud
76.4%
Nod
72.2%

You're not logged in!

Compare scores with friends on all Sporcle quizzes.
Join for Free
OR
Log In

You Might Also Like...

Show Comments

Extras

Top Quizzes Today


Score Distribution

Your Account Isn't Verified!

In order to create a playlist on Sporcle, you need to verify the email address you used during registration. Go to your Sporcle Settings to finish the process.

Report this User

Report this user for behavior that violates our Community Guidelines.

Details: